England Goalscorers at Major Tournaments - Statistics

General Stats
  • This quiz has been taken 107 times
    58 since last reset
  • The average score is 129 of 192
Answer Stats
Tournament Opponent + Result Player % Correct
2018 World Cup Tunisia 2-1 W Harry Kane
100%
2018 World Cup Tunisia 2-1 W Harry Kane
100%
2018 World Cup Panama 6-1 W Harry Kane
100%
2018 World Cup Panama 6-1 W Harry Kane
100%
2018 World Cup Panama 6-1 W Harry Kane
100%
2018 World Cup Colombia 1-1 D Harry Kane
100%
2018/19 Nations League Croatia 2-1 W Harry Kane
100%
Euro 2020 (2021) Germany 2-0 W Harry Kane
100%
Euro 2020 (2021) Ukraine 4-0 W Harry Kane
100%
Euro 2020 (2021) Ukraine 4-0 W Harry Kane
100%
Euro 2020 (2021) Denmark 2-1 W Harry Kane
100%
2022/23 Nations League Germany 1-1 D Harry Kane
100%
2022/23 Nations League Germany 3-3 D Harry Kane
100%
2022 World Cup Senegal 3-0 W Harry Kane
100%
2022 World Cup France 2-1 L Harry Kane
100%
Euro 2024 Denmark 1-1 D Harry Kane
100%
Euro 2024 Slovakia 2-1 W Harry Kane
100%
Euro 2024 Netherlands 2-1 W Harry Kane
100%
2024/25 Nations League Finland 2-0 W Harry Kane
100%
2024/25 Nations League Finland 2-0 W Harry Kane
100%
2024/25 Nations League Ireland 5-0 W Harry Kane
100%
Euro 2004 France 2-1 L Frank Lampard
90%
Euro 2004 Croatia 4-2 W Frank Lampard
90%
Euro 2004 Portugal 2-2 D Frank Lampard
90%
Euro 2004 Switzerland 3-0 W Wayne Rooney
90%
Euro 2004 Switzerland 3-0 W Wayne Rooney
90%
Euro 2004 Croatia 4-2 W Wayne Rooney
90%
Euro 2004 Croatia 4-2 W Wayne Rooney
90%
Euro 2012 Ukraine 1-0 W Wayne Rooney
90%
2014 World Cup Uruguay 2-1 L Wayne Rooney
90%
Euro 2016 Iceland 2-1 L Wayne Rooney
90%
2018/19 Nations League Spain 2-1 L Marcus Rashford
88%
2018/19 Nations League Spain 3-2 W Marcus Rashford
88%
2018/19 Nations League Netherlands 3-1 L Marcus Rashford
88%
2020/21 Nations League Belgium 2-1 W Marcus Rashford
88%
2022 World Cup Iran 6-2 W Marcus Rashford
88%
2022 World Cup Wales 3-0 W Marcus Rashford
88%
2022 World Cup Wales 3-0 W Marcus Rashford
88%
Euro 1996 Switzerland 1-1 D Alan Shearer
85%
Euro 1996 Scotland 2-0 W Alan Shearer
85%
Euro 1996 Netherlands 4-1 W Alan Shearer
85%
Euro 1996 Netherlands 4-1 W Alan Shearer
85%
Euro 1996 Germany 1-1 D Alan Shearer
85%
1998 World Cup Tunisia 2-0 W Alan Shearer
85%
1998 World Cup Argentina 2-2 D Alan Shearer
85%
Euro 2000 Germany 1-0 W Alan Shearer
85%
Euro 2000 Romania 3-2 L Alan Shearer
85%
1986 World Cup Poland 3-0 W Gary Lineker
85%
1986 World Cup Poland 3-0 W Gary Lineker
85%
1986 World Cup Poland 3-0 W Gary Lineker
85%
1986 World Cup Paraguay 3-0 W Gary Lineker
85%
1986 World Cup Paraguay 3-0 W Gary Lineker
85%
1986 World Cup Argentina 2-1 L Gary Lineker
85%
1990 World Cup Ireland 1-1 D Gary Lineker
85%
1990 World Cup Cameroon 3-2 W Gary Lineker
85%
1990 World Cup Cameroon 3-2 W Gary Lineker
85%
1990 World Cup West Germany 1-1 D Gary Lineker
85%
2022 World Cup Iran 6-2 W Jude Bellingham
85%
Euro 2024 Serbia 1-0 W Jude Bellingham
85%
Euro 2024 Slovakia 2-1 W Jude Bellingham
85%
2024/25 Nations League Greece 2-1 L Jude Bellingham
85%
1998 World Cup Romania 2-1 L Michael Owen
85%
1998 World Cup Argentina 2-2 D Michael Owen
85%
Euro 2000 Romania 3-2 L Michael Owen
85%
2002 World Cup Denmark 3-0 W Michael Owen
85%
2002 World Cup Brazil 2-1 L Michael Owen
85%
Euro 2004 Portugal 2-2 D Michael Owen
85%
Euro 2004 Switzerland 3-0 W Steven Gerrard
85%
2006 World Cup Trinidad and Tobago 2-0 W Steven Gerrard
85%
2006 World Cup Sweden 2-2 D Steven Gerrard
85%
2010 World Cup USA 1-1 D Steven Gerrard
85%
1962 World Cup Argentina 3-1 W Bobby Charlton
83%
1966 World Cup Mexico 2-0 W Bobby Charlton
83%
1966 World Cup Portugal 2-1 W Bobby Charlton
83%
1966 World Cup Portugal 2-1 W Bobby Charlton
83%
Euro 1968 Soviet Union 2-0 W Bobby Charlton
83%
2022 World Cup Iran 6-2 W Bukayo Saka
83%
2022 World Cup Iran 6-2 W Bukayo Saka
83%
2022 World Cup Senegal 3-0 W Bukayo Saka
83%
Euro 2024 Switzerland 1-1 D Bukayo Saka
83%
Euro 2024 Spain 2-1 L Cole Palmer
83%
1998 World Cup Colombia 2-0 W David Beckham
83%
2002 World Cup Argentina 1-0 W David Beckham
83%
2006 World Cup Ecuador 1-0 W David Beckham
83%
2018 World Cup Sweden 2-0 W Harry Maguire
83%
Euro 2020 (2021) Ukraine 4-0 W Harry Maguire
83%
1998 World Cup Tunisia 2-0 W Paul Scholes
83%
Euro 2000 Portugal 3-2 L Paul Scholes
83%
Euro 2004 Croatia 4-2 W Paul Scholes
83%
2020/21 Nations League Iceland 4-0 W Phil Foden
83%
2020/21 Nations League Iceland 4-0 W Phil Foden
83%
2022 World Cup Wales 3-0 W Phil Foden
83%
2018 World Cup Panama 6-1 W John Stones
80%
2018 World Cup Panama 6-1 W John Stones
80%
1966 World Cup Argentina 1-0 W Geoff Hurst
78%
1966 World Cup West Germany 4-2 W Geoff Hurst
78%
1966 World Cup West Germany 4-2 W Geoff Hurst
78%
1966 World Cup West Germany 4-2 W Geoff Hurst
78%
Euro 1968 Soviet Union 2-0 W Geoff Hurst
78%
1970 World Cup Romania 1-0 W Geoff Hurst
78%
2018 World Cup Panama 6-1 W Jesse Lingard
78%
2018/19 Nations League Croatia 2-1 W Jesse Lingard
78%
Euro 2020 (2021) Ukraine 4-0 W Jordan Henderson
78%
2022 World Cup Senegal 3-0 W Jordan Henderson
78%
Euro 2024 Netherlands 2-1 W Ollie Watkins
78%
2024/25 Nations League Greece 3-0 W Ollie Watkins
78%
2018/19 Nations League Spain 3-2 W Raheem Sterling
78%
2018/19 Nations League Spain 3-2 W Raheem Sterling
78%
2020/21 Nations League Iceland 1-0 W Raheem Sterling
78%
Euro 2020 (2021) Croatia 1-0 W Raheem Sterling
78%
Euro 2020 (2021) Czech Republic 1-0 W Raheem Sterling
78%
Euro 2020 (2021) Germany 2-0 W Raheem Sterling
78%
2022 World Cup Iran 6-2 W Raheem Sterling
78%
2018 World Cup Croatia 2-1 L Kieran Trippier
76%
2006 World Cup Sweden 2-2 D Joe Cole
73%
Euro 2020 (2021) Italy 1-1 D Luke Shaw
73%
2022/23 Nations League Germany 3-3 D Luke Shaw
73%
Euro 1996 Scotland 2-0 W Paul Gascoigne
73%
2006 World Cup Trinidad and Tobago 2-0 W Peter Crouch
73%
2002 World Cup Sweden 1-1 D Sol Campbell
73%
2018 World Cup Sweden 2-0 W Dele Alli
71%
2002 World Cup Denmark 3-0 W Rio Ferdinand
68%
Euro 1996 Netherlands 4-1 W Teddy Sheringham
68%
Euro 1996 Netherlands 4-1 W Teddy Sheringham
68%
2022 World Cup Iran 6-2 W Jack Grealish
66%
2024/25 Nations League Ireland 2-0 W Jack Grealish
66%
2024/25 Nations League Finland 3-1 W Jack Grealish
66%
2002 World Cup Denmark 3-0 W Emile Heskey
63%
2010 World Cup Slovenia 1-0 W Jermain Defoe
63%
1962 World Cup Argentina 3-1 W Jimmy Greaves
63%
Euro 2012 Sweden 3-2 W Andy Carroll
61%
1990 World Cup Belgium 1-0 W David Platt
61%
1990 World Cup Cameroon 3-2 W David Platt
61%
Euro 1992 Sweden 2-1 L David Platt
61%
2020/21 Nations League Iceland 4-0 W Declan Rice
61%
2024/25 Nations League Ireland 2-0 W Declan Rice
61%
2024/25 Nations League Finland 3-1 W Declan Rice
61%
Euro 2016 Wales 2-1 W Jamie Vardy
61%
2014 World Cup Italy 2-1 L Daniel Sturridge
59%
Euro 2016 Wales 2-1 W Daniel Sturridge
59%
2010 World Cup Germany 4-1 L Matt Upson
56%
1990 World Cup Egypt 1-0 W Mark Wright
54%
1982 World Cup France 3-1 W Bryan Robson
51%
1982 World Cup France 3-1 W Bryan Robson
51%
Euro 1988 Netherlands 3-1 L Bryan Robson
51%
Euro 2016 Russia 1-1 D Eric Dier
51%
1966 World Cup West Germany 4-2 W Martin Peters
49%
1970 World Cup West Germany 3-2 L Martin Peters
49%
Euro 2012 Sweden 3-2 W Danny Welbeck
46%
Euro 2012 Sweden 3-2 W Theo Walcott
46%
1998 World Cup Colombia 2-0 W Darren Anderton
41%
Euro 2012 France 1-1 D Joleon Lescott
39%
2024/25 Nations League Greece 3-0 W Curtis Jones
37%
2024/25 Nations League Ireland 5-0 W Jarrod Bowen
37%
Euro 2000 Portugal 3-2 L Steve McManaman
37%
2024/25 Nations League Ireland 5-0 W Anthony Gordon
34%
1986 World Cup Paraguay 3-0 W Peter Beardsley
34%
Euro 1988 Soviet Union 3-1 L Tony Adams
34%
2020/21 Nations League Belgium 2-1 W Mason Mount
32%
2020/21 Nations League Iceland 4-0 W Mason Mount
32%
2022/23 Nations League Germany 3-3 D Mason Mount
32%
1954 World Cup Belgium 4-4 D Nat Lofthouse
29%
1954 World Cup Belgium 4-4 D Nat Lofthouse
29%
1954 World Cup Uruguay 4-2 L Nat Lofthouse
29%
2024/25 Nations League Finland 3-1 W Trent Alexander-Arnold
29%
2024/25 Nations League Ireland 5-0 W Taylor Harwood-Bellis
27%
1954 World Cup Uruguay 4-2 L Tom Finney
27%
1958 World Cup Soviet Union 2-2 D Tom Finney
27%
Euro 1980 Belgium 1-1 D Ray Wilkins
22%
1966 World Cup Mexico 2-0 W Roger Hunt
22%
1966 World Cup France 2-0 W Roger Hunt
22%
1966 World Cup France 2-0 W Roger Hunt
22%
Euro 1980 Spain 2-1 W Tony Woodcock
17%
1982 World Cup Czechoslovakia 2-0 W Trevor Francis
17%
1982 World Cup Kuwait 1-0 W Trevor Francis
17%
1970 World Cup West Germany 3-2 L Alan Mullery
15%
2024/25 Nations League Ireland 5-0 W Conor Gallagher
15%
Euro 1980 Spain 2-1 W Trevor Brooking
15%
1958 World Cup Austria 2-2 D John Haynes
12%
1950 World Cup Chile 2-0 W Stan Mortensen
12%
1982 World Cup France 3-1 W Paul Mariner
10%
1970 World Cup Czechoslovakia 1-0 W Allan Clarke
5%
1954 World Cup Belgium 4-4 D Ivan Broadis
5%
1954 World Cup Belgium 4-4 D Ivan Broadis
5%
1962 World Cup Hungary 2-1 L Ron Flowers
5%
1962 World Cup Argentina 3-1 W Ron Flowers
5%
1954 World Cup Switzerland 2-0 W Dennis Wilshaw
2%
1958 World Cup Soviet Union 2-2 D Derek Kevan
2%
1958 World Cup Austria 2-2 D Derek Kevan
2%
1962 World Cup Brazil 3-1 L Gerald Hitchens
2%
1954 World Cup Switzerland 2-0 W James Mullen
2%
1950 World Cup Chile 2-0 W Wilf Mannion
2%
No matching quizzes found
Score Distribution
Percent of People with Each Score
Percentile by Number Answered
Your Score History
You have not taken this quiz since the last reset